00532nam a2200193 a 450000100060000000300080000600500170001400800410003103500200007204000370009204100080012908200220013710000320015924500360019126000360022730000250026350400360028865000140032445982BD-RjUL20211209054107.0160730s1949 nyu b 001 0 eng  a(BD-RjUL) 46100 aDLCcWSUdOCLdSERdBD-RjULbeng aeng 223a301bDAH 19491 aDavis, Kingsley.d1908-199710aHuman society /cKingsley Davis aNew York :bMacmillan Co,c1949 axiv, 655 p. ;c22 cm aIncludes bibliography and index 0aSociology